<?xml version="1.0" encoding="UTF-8"?>
<record
    xmlns:xsi="http://www.w3.org/2001/XMLSchema-instance"
    xsi:schemaLocation="http://www.loc.gov/MARC21/slim http://www.loc.gov/standards/marcxml/schema/MARC21slim.xsd"
    xmlns="http://www.loc.gov/MARC21/slim">

  <leader>01001nam a2200217 i 4500</leader>
  <controlfield tag="001">88682</controlfield>
  <controlfield tag="003">ES-MaACL</controlfield>
  <controlfield tag="005">20250725062535.0</controlfield>
  <controlfield tag="007">t|</controlfield>
  <controlfield tag="008">050105m19661986sp           ||||1| spa d</controlfield>
  <datafield tag="100" ind1="1" ind2=" ">
    <subfield code="a">Landau, L.</subfield>
    <subfield code="9">69930</subfield>
  </datafield>
  <datafield tag="245" ind1="1" ind2="0">
    <subfield code="a">Curso de F&#xED;sica te&#xF3;rica / </subfield>
    <subfield code="c">L.D. Landau, E.M. Lifshitz ; [versi&#xF3;n espa&#xF1;ola, Ram&#xF3;n Ortiz Fornaguera].</subfield>
  </datafield>
  <datafield tag="260" ind1=" " ind2=" ">
    <subfield code="a">Barcelona, etc. : </subfield>
    <subfield code="b">Revert&#xE9;, </subfield>
    <subfield code="c">1966-86.</subfield>
  </datafield>
  <datafield tag="300" ind1=" " ind2=" ">
    <subfield code="a">10 v. : </subfield>
    <subfield code="b">il. ; </subfield>
    <subfield code="c">22 cm.</subfield>
  </datafield>
  <datafield tag="505" ind1="8" ind2=" ">
    <subfield code="a">Contiene: V. I: Mec&#xE1;nica. -- V. II: Teor&#xED;a cl&#xE1;sica de campos. -- V. III: Mec&#xE1;nica cu&#xE1;ntica no-relativista. -- V. IV: Teor&#xED;a cu&#xE1;ntica relativista. -- V. V: F&#xED;sica estad&#xED;stica. -- V. VI: Mec&#xE1;nica de fluidos. -- V. VI: Teor&#xED;a de la elasticidad. -- V. VIII: Electrodin&#xE1;mica de los medios continuos. -- V. IX: F&#xED;sica estad&#xED;stica</subfield>
  </datafield>
  <datafield tag="650" ind1="0" ind2="7">
    <subfield code="a">F&#xED;sica</subfield>
    <subfield code="2">embne</subfield>
    <subfield code="9">12877</subfield>
  </datafield>
  <datafield tag="700" ind1="1" ind2=" ">
    <subfield code="a">Lifshitz, E.</subfield>
    <subfield code="9">72267</subfield>
  </datafield>
  <datafield tag="700" ind1="1" ind2=" ">
    <subfield code="a">Ortiz Fornaguera, Ram&#xF3;n.</subfield>
    <subfield code="9">87616</subfield>
  </datafield>
  <datafield tag="852" ind1=" " ind2=" ">
    <subfield code="a">ES-MaACL</subfield>
    <subfield code="j">L-10192-201 </subfield>
    <subfield code="b">R.59742</subfield>
  </datafield>
  <datafield tag="999" ind1=" " ind2=" ">
    <subfield code="c">88682</subfield>
    <subfield code="d">88682</subfield>
  </datafield>
  <datafield tag="952" ind1=" " ind2=" ">
    <subfield code="0">0</subfield>
    <subfield code="1">0</subfield>
    <subfield code="4">0</subfield>
    <subfield code="7">0</subfield>
    <subfield code="a">ATENEOM</subfield>
    <subfield code="b">ATENEOM</subfield>
    <subfield code="c">DEPO2</subfield>
    <subfield code="d">2008-01-17</subfield>
    <subfield code="e">SC</subfield>
    <subfield code="l">0</subfield>
    <subfield code="o">L-10192-201</subfield>
    <subfield code="p">1092631</subfield>
    <subfield code="r">2023-02-23 00:00:00</subfield>
    <subfield code="w">2023-02-23</subfield>
    <subfield code="y">MONOGRAFIA</subfield>
  </datafield>
</record>
